Normal view
MARC view
- Malik, Amjid Aziz
Entry Personal Name
001 - CONTROL NUMBER
- control field: 15060
003 - CONTROL NUMBER IDENTIFIER
- control field: NUST
005 - DATE AND TIME OF LATEST TRANSACTION
- control field: 20190619075403.0
008 - FIXED-LENGTH DATA ELEMENTS
- fixed length control field: 190619|| aca||aabn | a|a d
040 ## - CATALOGING SOURCE
- Original cataloging agency: NUST
- Transcribing agency: NUST
100 ## - HEADING--PERSONAL NAME
- Personal name: Malik, Amjid Aziz
670 ## - SOURCE DATA FOUND
- Source citation: Work cat.: (NUST): Malik, Amjid Aziz, Nawan Kali ky by taj hukmaran /, 2000.
